Villes traversées par l'autoroute A36 - la comtoise - Statistiques

Statistiques générales
  • Ce quiz a été pris 33 fois
  • Le résultat moyen est 6 sur 8
Statistiques - réponses
ville population kilomètre % Correct
Besançon 120 634 143
100%
Belfort 45 155 49
96%
Mulhouse 106 341 13
96%
Montbéliard 25 727 70
88%
Dole 23 990 186
85%
Beaune 20 032 237
77%
Héricourt 10 478 58
54%
Cernay 11 816 25
27%
Aucun quiz correspondant
Distribution des résultats
% des personnes avec chaque résultat
Percentile par nombre de réponses
Votre historique - résultats
Vous n’avez pas pris ce quiz